| 000 | 00000nam 2200000zi 4500 |
| 001 | 9.901167 |
| 003 | CaOODSP |
| 005 | 20220808124849 |
| 006 | m o d f |
| 007 | cr cn||||||||| |
| 008 | 210628t20212021qucab o f000 0 eng d |
| 020 | |a9780660393742 |
| 040 | |aCaOODSP|beng|erda|cCaOODSP |
| 043 | |an-cn---|an-cn-sn |
| 086 | 1 |aR64-583/2021E-PDF |
| 245 | 00|aGrasslands National Park of Canada : |bmanagement plan 2021. |
| 246 | 14|aGrasslands National Park of Canada : |bmanagement plan 2022 |
| 246 | 17|aGrasslands National Park : |bmanagement plan |
| 264 | 1|a[Gatineau, Quebec] : |bParks Canada = Parcs Canada, |c2021. |
| 264 | 4|c©2021 |
| 300 | |a1 online resource (x, 21 pages) : |bcolour illustration, colour maps |
| 336 | |atext|btxt|2rdacontent |
| 337 | |acomputer|bc|2rdamedia |
| 338 | |aonline resource|bcr|2rdacarrier |
| 500 | |aIssued also in French under title: Parc national du Canada des Prairies : plan directeur 2021. |
| 500 | |aIssued also in HTML format. |
| 650 | 0|aNational parks and reserves|zCanada|xManagement. |
| 650 | 0|aNational parks and reserves|zSaskatchewan|xManagement. |
| 651 | 0|aGrasslands National Park (Sask.)|xManagement. |
| 710 | 2 |aParks Canada, |eissuing body. |
| 775 | 08|tParc national du Canada des Prairies : |w(CaOODSP)9.901166 |
| 856 | 40|qPDF|s3.94 MB|uhttps://publications.gc.ca/collections/collection_2022/pc/R64-583-2021-eng.pdf |
| 856 | 4 |qHTML|sN/A|uhttps://www.pc.gc.ca/en/pn-np/sk/grasslands/info/plan/plan-2022 |